[Event "Aarhus Open"]
[Site "Aarhus DEN"]
[Date "1991.??.??"]
[Round "2"]
[White "Tompa, Janos"]
[Black "Jacobsen, Bo"]
[Result "1/2-1/2"]
[WhiteElo "2445"]
[BlackElo "2285"]
[PlyCount "121"]
[EventDate "1991.??.??"]
[Source "www.chesslib.no"]
[SourceDate "2004.05.04"]

1. e4 e5 2. Nf3 Nc6 3. Bb5 Nf6 4. Qe2 a6 5. Ba4 Be7 6. c3 d6 7. O-O Bd7 8. d4 O-O 9. d5 Nb8 10. Bc2 g6 11. c4 Nh5 12. Bh6 Re8 13. Nc3 Bg4 14. h3 Bxf3 15. Qxf3 Bg5 16. Bxg5 Qxg5 17. g3 Nd7 18. Qg4 Qe7 19. Rae1 a5 20. Ba4 Ndf6 21. Qe2 Rf8 22. Qe3 Nd7 23. f4 exf4 24. gxf4 Nc5 25. Bd1 Ng7 26. Qg3 Rae8 27. Bc2 Kh8 28. Kh2 b6 29. Nb5 f6 30. Nd4 Rf7 31. Nc6 Qf8 32. b3 Nh5 33. Qc3 Kg8 34. a3 Qh6 35. Qf3 Rg7 36. Nd4 Rge7 37. b4 axb4 38. axb4 Nd7 39. Ra1 Ng7 40. Nc6 Rf7 41. Ra7 f5 42. exf5 Nxf5 43. Bxf5 Rxf5 44. Rxc7 Ne5 45. Nxe5 dxe5 46. d6 exf4 47. d7 Rd8 48. Rc8 Qg5 49. c5 bxc5 50. bxc5 Rxc5 51. Qg4 Qe7 52. Re1 Rc2+ 53. Rxc2 Qxe1 54. Rc8 Qd2+ 55. Kg1 Qd4+ 56. Kf1 Qa1+ 57. Ke2 Qe5+ 58. Kd3 Qd5+ 59. Kc2 Qa2+ 60. Kd3 Qd5+ 61. Kc2 1/2-1/2

[Event "Komotini Open"]
[Site "Komotini"]
[Date "1992.??.??"]
[Round "?"]
[White "Sirigos, Nikolaos"]
[Black "Nei, Iivo"]
[Result "0-1"]
[WhiteElo "2320"]
[BlackElo "2410"]
[PlyCount "96"]
[EventDate "1992.08.??"]
[Source "www.chesslib.no"]
[SourceDate "2004.05.04"]

1. e4 e5 2. Nf3 Nc6 3. Bb5 a6 4. Ba4 Nf6 5. O-O Be7 6. Qe2 d6 7. c3 Bd7 8. d4 O-O 9. d5 Nb8 10. Bxd7 Nbxd7 11. c4 c6 12. dxc6 bxc6 13. Nc3 Nc5 14. Rd1 Qc7 15. b4 Ne6 16. Be3 Rab8 17. Rab1 Rfc8 18. Rdc1 Qd8 19. Qd3 Qe8 20. a4 Nd7 21. a5 Qd8 22. Ne1 c5 23. b5 axb5 24. Nxb5 Qxa5 25. Ra1 Qb6 26. Rab1 Nf6 27. Nf3 Qd8 28. Bg5 Ne8 29. Bd2 Nd4 30. Nfxd4 cxd4 31. Bb4 Qd7 32. f4 h6 33. Qg3 exf4 34. Qd3 Bf6 35. Kh1 Rb6 36. Ba5 Rbc6 37. Nxd4 Bxd4 38. Qxd4 Qe6 39. Rb4 Nf6 40. Bb6 Qxe4 41. Rf1 Rb8 42. Rfb1 Qxd4 43. Bxd4 Rxb4 44. Rxb4 Ne4 45. Bg1 g5 46. h3 Kg7 47. Bd4+ Kg6 48. Kg1 h5 0-1

[Event "Oberliga Nord N 9697"]
[Site "?"]
[Date "1997.??.??"]
[Round "?"]
[White "Homuth Manfred"]
[Black "Stern Rene"]
[Result "0-1"]
[WhiteElo "2270"]
[BlackElo "2445"]
[PlyCount "160"]
[EventDate "1997.??.??"]
[Source "www.chesslib.no"]
[SourceDate "2004.05.04"]

1. e4 e5 2. Nf3 Nc6 3. Bb5 a6 4. Ba4 Nf6 5. O-O Be7 6. Qe2 d6 7. Bxc6+ bxc6 8. d4 Nd7 9. dxe5 dxe5 10. Rd1 Bd6 11. Qc4 Bb7 12. Bg5 f6 13. Be3 Qe7 14. Nbd2 c5 15. a4 Nb6 16. Qd3 a5 17. Nc4 Nxc4 18. Qxc4 Bc6 19. Nd2 Rb8 20. b3 Rb4 21. Qd3 f5 22. f3 O-O 23. exf5 e4 24. Nxe4 Bxe4 25. fxe4 Rxe4 26. Qd5+ Kh8 27. Bg5 Qe8 28. h3 Re5 29. Qd3 Rfxf5 30. Bd2 Rd5 31. Re1 Qd7 32. Qe2 Rfe5 33. Qf2 Rf5 34. Qe2 Rfe5 35. Qf2 c4 36. Rxe5 Rxe5 37. Rf1 h6 38. Kh1 cxb3 39. cxb3 Bc5 40. Qg3 Rd5 41. Bxa5 Rd3 42. Qg4 Qxg4 43. hxg4 Rxb3 44. Bxc7 Ra3 45. a5 Ra4 46. g3 Rxg4 47. Rf5 Be3 48. Rf3 Bc5 49. Rc3 Ba7 50. Bf4 h5 51. Kg2 Rg6 52. Rc7 Ra6 53. Bd2 Bd4 54. Rd7 Bf6 55. Rd5 g6 56. Bb4 Ra8 57. Rd7 Kg8 58. Kf3 Rb8 59. a6 Rxb4 60. a7 Ra4 61. Rb7 Bd8 62. Rb8 Rxa7 63. Rxd8+ Kf7 64. Rd6 Ra3+ 65. Kf4 Ra4+ 66. Kf3 Kg7 67. Rb6 Ra3+ 68. Kf4 Ra5 69. Rb7+ Kh6 70. Rb6 Rf5+ 71. Ke4 Kg5 72. Ra6 Rf6 73. Rxf6 Kxf6 74. Kf4 g5+ 75. Ke4 Ke6 76. Ke3 Ke5 77. Kd3 Kf5 78. Ke3 Kg4 79. Kf2 Kh3 80. Kf3 g4+ 0-1

[Event "JUG-ch op"]
[Site "Nis"]
[Date "1996.??.??"]
[Round "10"]
[White "Petronijevic, Zoran"]
[Black "Golubovic, Zoran"]
[Result "1-0"]
[WhiteElo "2400"]
[BlackElo "2315"]
[PlyCount "105"]
[EventDate "1996.??.??"]
[Source "www.chesslib.no"]
[SourceDate "2004.05.04"]

1. e4 e5 2. Nf3 Nc6 3. Bb5 a6 4. Ba4 Nf6 5. Qe2 b5 6. Bb3 Be7 7. c3 d6 8. O-O O-O 9. h3 Nb8 10. d4 Bb7 11. Bc2 Nbd7 12. Rd1 Qb8 13. Nbd2 c5 14. Nf1 Re8 15. dxe5 dxe5 16. Bg5 Qc7 17. Ne3 h6 18. Bh4 Nf8 19. Nf5 Ng6 20. Bxf6 Bxf6 21. Nd6 Red8 22. Nxb7 Qxb7 23. g3 Nf8 24. Nh2 g6 25. Qe3 Ne6 26. Ng4 Bg5 27. Qe2 Qc7 28. Rd5 Kg7 29. Nxe5 h5 30. Rad1 h4 31. Nf3 hxg3 32. Nxg5 Nf4 33. Qf3 gxf2+ 34. Qxf2 Nxd5 35. exd5 Qe7 36. Ne4 Rac8 37. Qf4 Rd7 38. Nf2 f5 39. b3 c4 40. Qg3 Qf6 41. Rd4 Rc5 42. bxc4 Rxc4 43. Rd3 b4 44. Nd1 bxc3 45. d6 f4 46. Qf2 Rxd6 47. Qa7+ Kh6 48. Nf2 f3 49. Qe3+ Kg7 50. Ng4 Rxd3 51. Qh6+ Kf7 52. Nxf6 f2+ 53. Kf1 1-0

[Event "Budapest FS07 IM-A"]
[Site "Budapest"]
[Date "2002.07.07"]
[Round "2"]
[White "Predojevic, Borki"]
[Black "Lengyel, Bela"]
[Result "1-0"]
[WhiteElo "2359"]
[BlackElo "2352"]
[PlyCount "109"]
[EventDate "2002.07.06"]
[Source "ChessBase"]
[SourceDate "2002.09.11"]

1. e4 e5 2. Nf3 Nc6 3. Bb5 a6 4. Ba4 Nf6 5. Qe2 Be7 6. c3 b5 7. Bb3 d6 8. O-O O-O 9. h3 Na5 10. Bc2 c5 11. d4 Qc7 12. d5 Bd7 13. Nbd2 c4 14. Rd1 Nb7 15. Nf1 Nc5 16. b4 cxb3 17. axb3 a5 18. Bd2 a4 19. b4 Nb3 20. Ra3 Rfc8 21. Bd3 Rab8 22. Ng3 Nxd2 23. Nxd2 g6 24. Nb1 Qb6 25. Ra2 Ne8 26. Rc2 Ng7 27. Qe3 f5 28. Qxb6 Rxb6 29. Na3 Rb7 30. Rb1 f4 31. Nf1 Ne8 32. Nd2 Rcb8 33. Rcb2 Bd8 34. Kf1 Kf8 35. Ke2 Ke7 36. c4 Bb6 37. Nxb5 Bxb5 38. cxb5 Bd4 39. Ra2 Ra8 40. Nb3 Nc7 41. Nxd4 exd4 42. Rba1 Nxb5 43. Bxb5 Rxb5 44. Rxa4 Rab8 45. Rb1 Kf6 46. Kd3 Ke5 47. Ra7 R5b6 48. Rf7 Ra8 49. Re7+ Kf6 50. Re6+ Kg5 51. e5 Ra2 52. exd6 Rb8 53. d7 Rd8 54. Rd6 Kf5 55. Re1 1-0

[Event "Stockholm"]
[Site "Stockholm"]
[Date "1998.06.08"]
[Round "3"]
[White "Klimov, Sergey"]
[Black "Hartman, Christer"]
[Result "1/2-1/2"]
[WhiteElo "2365"]
[BlackElo "2345"]
[PlyCount "91"]
[EventDate "1998.06.06"]
[Source "ChessBase"]
[SourceDate "1998.07.07"]

1. e4 e5 2. Nf3 Nc6 3. Bb5 a6 4. Ba4 Nf6 5. Qe2 b5 6. Bb3 Be7 7. c3 d6 8. O-O O-O 9. d4 Bg4 10. Rd1 exd4 11. cxd4 d5 12. e5 Ne4 13. a4 b4 14. a5 f5 15. exf6 Nxf6 16. h3 Bxf3 17. Qxf3 Kh8 18. Be3 Bd6 19. Nd2 Ne7 20. Ba4 c6 21. Qe2 Bc7 22. Nf3 Ne4 23. Ne5 Qd6 24. f3 Ng6 25. fxe4 Nxe5 26. Kh1 Ng4 27. e5 Nxe5 28. Bf4 Rxf4 29. dxe5 Qxe5 30. Qxe5 Bxe5 31. Bxc6 Rd8 32. Rxd5 Rxd5 33. Bxd5 Bxb2 34. Re1 g6 35. Re4 Rxe4 36. Bxe4 Be5 37. Bd3 Bc7 38. Bxa6 b3 39. Bc4 b2 40. Bd3 Bxa5 41. Kg1 Kg7 42. Kf2 Kf6 43. Ke2 Ke5 44. Kd1 Kd4 45. Ke2 Bc7 46. Bb1 1/2-1/2

[Event "OLO-B9798"]
[Site "Germany"]
[Date "1998.??.??"]
[Round "?"]
[White "Paehtz, Thomas Sr"]
[Black "Gebhardt, Ulrich"]
[Result "1-0"]
[WhiteElo "2480"]
[BlackElo "2230"]
[PlyCount "73"]
[EventDate "1997.09.??"]
[Source "www.chesslib.no"]
[SourceDate "2004.05.04"]

1. e4 e5 2. Nf3 Nc6 3. Bb5 a6 4. Ba4 Nf6 5. Qe2 d6 6. c3 Bd7 7. O-O Be7 8. d4 O-O 9. d5 Nb8 10. Bc2 a5 11. Rd1 Na6 12. Nbd2 Ne8 13. Nf1 g6 14. Bh6 Ng7 15. Ng3 Nc5 16. Rd2 a4 17. Re1 Bg4 18. Be3 b6 19. h3 Bxf3 20. Qxf3 Bg5 21. Qg4 Bxe3 22. Rxe3 h5 23. Qd1 Qg5 24. Nf1 Kh8 25. Rg3 Qh4 26. Qe2 f5 27. Rxg6 f4 28. Nh2 Kh7 29. Nf3 Qe7 30. Rg5 Kh6 31. h4 Nb7 32. Nd4 exd4 33. e5 Qf7 34. Qe4 Nf5 35. Qxf4 dxe5 36. Rxh5+ Kg7 37. Qg4+ 1-0

[Event "BL 9899 (Women)"]
[Site "Germany"]
[Date "1999.01.17"]
[Round "8.2"]
[White "Madl, Ildiko"]
[Black "Holoubkova, Martina"]
[Result "1-0"]
[WhiteElo "2410"]
[BlackElo "2300"]
[PlyCount "91"]
[EventDate "1998.10.??"]
[Source "ChessBase"]
[SourceDate "1999.07.01"]

1. e4 e5 2. Nf3 Nc6 3. Bb5 a6 4. Ba4 Nf6 5. O-O Be7 6. Qe2 d6 7. c3 Bd7 8. d4 O-O 9. Bc2 Re8 10. d5 Nb8 11. h3 c6 12. c4 cxd5 13. exd5 Qc8 14. Nc3 Bf5 15. Ba4 Nfd7 16. Be3 Rd8 17. a3 Nc5 18. Bxc5 Qxc5 19. b4 Qc7 20. Rac1 Nd7 21. Rfd1 Rac8 22. Bb3 b6 23. Qe3 h6 24. Ne2 Nf6 25. Ng3 Bh7 26. Nh4 Qd7 27. Qxb6 Nxd5 28. Rxd5 Bxh4 29. Rcd1 Be7 30. Rxe5 Rb8 31. Qa5 Qa7 32. Re3 Bg5 33. Rf3 Bg6 34. Qd5 Qe7 35. Nf5 Bxf5 36. Rxf5 Bf6 37. Qd3 Be5 38. Kf1 g6 39. Rf3 Kg7 40. Qd5 f5 41. Re1 Qf6 42. c5 a5 43. c6 Rdc8 44. Qxa5 Kh8 45. Qd5 Ra8 46. a4 1-0

[Event "Budapest FS12 GM"]
[Site "Budapest HUN"]
[Date "1993.??.??"]
[Round "8"]
[White "Lengyel, Bela"]
[Black "Shabtai, Ran"]
[Result "0-1"]
[WhiteElo "2350"]
[BlackElo "2350"]
[PlyCount "214"]
[EventDate "1993.12.??"]
[Source "www.chesslib.no"]
[SourceDate "2004.05.04"]

1. e4 e5 2. Nf3 Nc6 3. Bb5 a6 4. Ba4 Nf6 5. Qe2 Be7 6. O-O d6 7. Bxc6+ bxc6 8. d4 exd4 9. Nxd4 Bd7 10. Nc3 O-O 11. b3 Re8 12. Qd3 Bf8 13. Bb2 d5 14. exd5 cxd5 15. Nf3 Bg4 16. Rfe1 Rxe1+ 17. Rxe1 Bh5 18. Na4 c6 19. Ne5 Qc7 20. c4 Re8 21. cxd5 Nxd5 22. Qf1 Bb4 23. Rc1 Rxe5 24. Bxe5 Qxe5 25. Rxc6 h6 26. Nc5 Nf4 27. Nd3 Nxd3 28. Rc8+ Kh7 29. Qxd3+ Bg6 30. Qxa6 Qa1+ 31. Qf1 Qxa2 32. Qd1 Qb2 33. h4 Be7 34. h5 Bf5 35. Rc4 Qe5 36. g4 Be6 37. Qd3+ f5 38. Rc6 Bc5 39. Kf1 Bb4 40. f3 Bd5 41. Rc2 Bf7 42. Re2 Qf6 43. Kg2 Bd6 44. Qxf5+ Qxf5 45. gxf5 Bxb3 46. Kh3 Kg8 47. Rb2 Ba4 48. Rb7 Be5 49. Kg4 Bf6 50. Ra7 Be8 51. Rb7 Kf8 52. Ra7 Be7 53. Rb7 Kf7 54. Ra7 Kf8 55. Rb7 Bd6 56. Ra7 Be5 57. Rb7 Bc6 58. Ra7 Ke8 59. Ra2 Kd7 60. Rd2+ Kc7 61. Rd1 Bf6 62. Rd2 Bb5 63. Rd1 Kc6 64. Rd2 Kc5 65. Rd1 Kc4 66. Rd6 Kc3 67. Rd5 Bd3 68. Rd6 Kd2 69. Re6 Be2 70. Kg3 Bc4 71. Rc6 Bf7 72. Kg4 Ke3 73. Rd6 Bc4 74. Rb6 Bd5 75. f4 Bf3+ 76. Kg3 Bxh5 77. Re6+ Kd4 78. Re1 Bf7 79. Re2 Kd5 80. Kg4 Kd6 81. Rd2+ Ke7 82. Re2+ Kf8 83. Rc2 Be8 84. Rc7 Be7 85. Ra7 h5+ 86. Kg3 Kf7 87. Rc7 Bb5 88. Kf2 Bd3 89. f6 Kxf6 90. Ke3 Bf5 91. Kf3 Bd6 92. Rc6 Ke6 93. Ra6 Bg4+ 94. Ke4 g6 95. Ra7 h4 96. Rh7 Be7 97. Ke3 Bc5+ 98. Ke4 Bf2 99. Rh8 h3 100. f5+ Bxf5+ 101. Kf3 Bg1 102. Re8+ Kd6 103. Rh8 h2 104. Kf4 Bd7 105. Rh6 Bc6 106. Rxg6+ Kc7 107. Rh6 h1=Q 0-1

[Event "SVK-chT 9900"]
[Site "SVK"]
[Date "1999.??.??"]
[Round "4"]
[White "Vojtek, Vladimir"]
[Black "Gazik, Igor"]
[Result "0-1"]
[WhiteElo "2335"]
[BlackElo "2359"]
[PlyCount "123"]
[EventDate "1999.??.??"]
[Source "www.chesslib.no"]
[SourceDate "2004.05.04"]

1. e4 e5 2. Nf3 Nc6 3. Bb5 a6 4. Ba4 Nf6 5. O-O Be7 6. Qe2 d6 7. c3 O-O 8. d4 Bg4 9. Bxc6 bxc6 10. dxe5 dxe5 11. Nbd2 Bd6 12. Nc4 Qe7 13. h3 Bh5 14. g4 Bg6 15. Bg5 h6 16. Bh4 Qe6 17. Nfd2 Nd7 18. Kg2 f6 19. Ne3 Nb6 20. f3 a5 21. Nf5 Rfd8 22. Bf2 Na4 23. Nc4 Bf7 24. Ncxd6 cxd6 25. b3 Nxc3 26. Qc2 Nb5 27. Qxc6 Be8 28. Qb7 Bd7 29. Rfd1 g6 30. Ne3 Rab8 31. Qd5 Nc3 32. Qxa5 Nxd1 33. Rxd1 Bc6 34. Rd3 Rd7 35. Qd2 Kg7 36. Rc3 Ba8 37. Nd5 Bxd5 38. exd5 Qe8 39. Qc2 Qf7 40. Qe4 Rb5 41. Rd3 Rc7 42. a4 f5 43. Qe2 Rxd5 44. b4 Rc4 45. Rb3 Qc7 46. Rb2 Rc3 47. b5 Rdd3 48. Be1 Re3 49. Qf2 Rxf3 50. Qxf3 Rxf3 51. Kxf3 Qc1 52. Re2 Qf4+ 53. Kg2 Qxa4 54. Rb2 Qe4+ 55. Kf1 Qd3+ 56. Kg2 Qe4+ 57. Kf1 Qf4+ 58. Ke2 Qc1 59. Rb4 Qc2+ 60. Kf1 f4 61. Bf2 f3 62. h4 0-1

[Event "RUS-Cup"]
[Site "Minsk"]
[Date "2000.??.??"]
[Round "6"]
[White "Kiselev, Gennady"]
[Black "Ginzburg, Mikhail"]
[Result "1-0"]
[WhiteElo "2420"]
[BlackElo "2262"]
[PlyCount "95"]
[EventDate "2000.??.??"]
[Source "www.chesslib.no"]
[SourceDate "2004.05.04"]

1. e4 e5 2. Nf3 Nc6 3. Bb5 a6 4. Ba4 Nf6 5. Qe2 Be7 6. c3 b5 7. Bb3 d6 8. O-O O-O 9. d4 Bg4 10. Rd1 exd4 11. cxd4 d5 12. e5 Ne4 13. a4 b4 14. h3 Bf5 15. a5 Kh8 16. Be3 f6 17. Rc1 Nb8 18. Nbd2 Ra7 19. Nh4 Nxd2 20. Bxd2 Be4 21. f3 fxe5 22. fxe4 Bxh4 23. Rf1 Nc6 24. Rxf8+ Qxf8 25. Rf1 Qd8 26. Qh5 Bf6 27. Qf7 Ra8 28. Bxd5 Qd6 29. Rxf6 Qxf6 30. Qxf6 gxf6 31. Bxc6 Rd8 32. d5 Rb8 33. b3 Kg7 34. Be3 Kg6 35. Ba7 Rg8 36. Bd7 h5 37. Kf2 Rd8 38. Bf5+ Kf7 39. g4 hxg4 40. Bxg4 Ra8 41. Be3 Rb8 42. Be2 Rh8 43. Bxa6 Ra8 44. Bc4 Rxa5 45. d6+ Ke8 46. dxc7 Kd7 47. Bb6 Ra8 48. Bd5 1-0

[Event "BUL Ch"]
[Site "Sofia BUL"]
[Date "1981.??.??"]
[Round "14"]
[White "Stefanov, Krasimir"]
[Black "Radev, Nikolai"]
[Result "1/2-1/2"]
[WhiteElo "2315"]
[BlackElo "2360"]
[PlyCount "112"]
[EventDate "1981.??.??"]
[Source "www.chesslib.no"]
[SourceDate "2004.05.04"]

1. e4 e5 2. Nf3 Nc6 3. Bb5 a6 4. Ba4 Nf6 5. Qe2 Be7 6. c3 d6 7. O-O O-O 8. d4 Bd7 9. Bc2 exd4 10. Nxd4 Nxd4 11. cxd4 Bb5 12. Bd3 Bxd3 13. Qxd3 c5 14. Nc3 b5 15. b3 Rc8 16. Bb2 Re8 17. Rad1 Bf8 18. Rfe1 cxd4 19. Qxd4 Qc7 20. h3 Qc5 21. Qd3 Re6 22. Rc1 Qb4 23. Re2 Rce8 24. Rce1 g6 25. Bc1 h6 26. Bd2 Qa3 27. Nb1 Qc5 28. Bc3 Nh5 29. g3 Bg7 30. Kg2 Bxc3 31. Nxc3 Nf6 32. Re3 b4 33. Nb1 Rc8 34. R3e2 Qb5 35. Qd2 Qb7 36. f3 h5 37. h4 Nd7 38. Qd4 Ne5 39. Rd1 Rc5 40. Rf2 a5 41. Nd2 Qc6 42. Nf1 f5 43. Nd2 fxe4 44. Qxe4 d5 45. Qd4 Nf7 46. Nf1 Nd6 47. Ne3 Nb5 48. Qf4 d4 49. Nc4 Rf5 50. Qd2 Nc3 51. Re1 Ref6 52. Qd3 Qd5 53. Nd2 Re5 54. Rxe5 Qxe5 55. Nc4 Qd5 56. Rd2 a4 1/2-1/2

[Event "Cseppk Open Aggtelek"]
[Site "Cseppk op Aggtelek"]
[Date "1996.??.??"]
[Round "7"]
[White "Molnar, Bela"]
[Black "Ruck, Tamas"]
[Result "1/2-1/2"]
[WhiteElo "2360"]
[BlackElo "2315"]
[PlyCount "27"]
[EventDate "1996.??.??"]
[Source "www.chesslib.no"]
[SourceDate "2004.05.04"]

1. e4 e5 2. Nf3 Nc6 3. Bb5 a6 4. Ba4 Nf6 5. Qe2 d6 6. c3 b5 7. Bb3 Be7 8. O-O O-O 9. a4 Bb7 10. d3 Na5 11. Bc2 c5 12. Bg5 Qc7 13. Nbd2 h6 14. Bh4 1/2-1/2

[Event "FRA-ch Accession"]
[Site "Val d'Isere"]
[Date "2004.08.22"]
[Round "6.10"]
[White "Olivier, Jean Christophe"]
[Black "Claverie, Christophe"]
[Result "1-0"]
[WhiteElo "2342"]
[BlackElo "2330"]
[PlyCount "73"]
[EventDate "2004.08.16"]
[Source "Roberto Alvarez"]
[SourceDate "2004.09.15"]

1. e4 e5 2. Nf3 Nc6 3. Bb5 a6 4. Ba4 Nf6 5. O-O Be7 6. Qe2 O-O 7. Bxc6 dxc6 8. Nxe5 Nd7 9. Nxd7 Bxd7 10. d3 f5 11. exf5 Bd6 12. Nc3 Qh4 13. f4 Bxf5 14. Bd2 Bc5+ 15. Be3 Rae8 16. Ne4 Bxe3+ 17. Qxe3 Re6 18. Qf2 Qxf2+ 19. Nxf2 Re2 20. Rac1 Rfe8 21. Nh1 Be6 22. Ng3 Re3 23. Rfe1 Bxa2 24. Rxe3 Rxe3 25. Kf2 Re6 26. b3 Rd6 27. Ne4 Rd5 28. Nc3 Ra5 29. Ke3 Rh5 30. Ra1 Rc5 31. Kd2 Rf5 32. Rxa2 Rxf4 33. Ke2 Rf5 34. Ra4 Rg5 35. g3 b5 36. Rxa6 b4 37. Ne4 1-0

[Event "XIX Czech Oce Open"]
[Site "Pardubice CEC"]
[Date "2008.07.11"]
[Round "3"]
[White "Jurcik, Mari"]
[Black "Vanek, T."]
[Result "1-0"]
[WhiteElo "2378"]
[BlackElo "2292"]
[PlyCount "95"]
[EventDate "2008.07.10"]
[Source "www.chesslib.no"]
[SourceDate "2004.05.04"]

1. e4 e5 2. Nf3 Nc6 3. Bb5 a6 4. Ba4 Nf6 5. O-O Be7 6. Qe2 d6 7. c3 Bg4 8. Rd1 O-O 9. h3 Bd7 10. Bc2 Re8 11. d3 h6 12. Nbd2 Nh7 13. Nf1 Bg5 14. Nxg5 Nxg5 15. Ng3 Re6 16. Kh2 Ne7 17. f4 exf4 18. Bxf4 Ng6 19. Be3 d5 20. Bb3 c6 21. Qd2 Nh4 22. Rf1 Rg6 23. exd5 Kh8 24. Rf2 Nhf3+ 25. Rxf3 Nxf3+ 26. gxf3 Qh4 27. Qg2 Re8 28. Re1 cxd5 29. Bf2 Rxe1 30. Bxe1 Be6 31. d4 f5 32. Bc2 Rf6 33. Nxf5 Qg5 34. Qxg5 hxg5 35. Ng3 Rxf3 36. Kg2 Rf6 37. Bd1 Bf7 38. Bd2 Rb6 39. b3 Rc6 40. Bg4 Bg6 41. Bf3 Bf7 42. c4 Rc7 43. c5 Re7 44. Kf2 Be6 45. Bxg5 Rf7 46. Ke3 Bxh3 47. Bxd5 Rd7 48. Be4 1-0

[Event "Open, Lisbon POR"]
[Site "?"]
[Date "2001.??.??"]
[Round "2"]
[White "Fernando, D."]
[Black "Fluvia, J."]
[Result "1-0"]
[WhiteElo "2400"]
[BlackElo "2270"]
[PlyCount "79"]
[EventDate "2001.??.??"]
[Source "www.chesslib.no"]
[SourceDate "2004.05.04"]

1. e4 e5 2. Nf3 Nc6 3. Bb5 a6 4. Ba4 Nf6 5. Qe2 b5 6. Bb3 Be7 7. c3 d6 8. O-O O-O 9. Rd1 Na5 10. Bc2 c5 11. d4 Qc7 12. d5 g6 13. Nbd2 Nh5 14. Nf1 Nf4 15. Bxf4 exf4 16. b3 Bg4 17. h3 Bxf3 18. Qxf3 Bg5 19. e5 dxe5 20. d6 Qb6 21. Qd5 Bf6 22. Nd2 Bg7 23. Ne4 Nb7 24. b4 cxb4 25. cxb4 Nd8 26. Nc5 Ra7 27. a4 e4 28. Rab1 e3 29. Qf3 exf2+ 30. Qxf2 Be5 31. a5 Qb8 32. d7 Ne6 33. Bb3 Nxc5 34. bxc5 Qc7 35. c6 Raa8 36. Qb6 Rfb8 37. Qc5 Rd8 38. Rdc1 Bd6 39. Qd5 Rf8 40. Re1 1-0

[Event "PER-ch 46th"]
[Site "Lima"]
[Date "1998.??.??"]
[Round "9"]
[White "Belli Pino, Mario"]
[Black "Ramos, Ernesto"]
[Result "1-0"]
[WhiteElo "2380"]
[BlackElo "2280"]
[PlyCount "85"]
[EventDate "1998.??.??"]
[Source "www.chesslib.no"]
[SourceDate "2004.05.04"]

1. e4 e5 2. Nf3 Nc6 3. Bb5 a6 4. Ba4 Nf6 5. O-O Be7 6. Qe2 d6 7. c3 O-O 8. h3 Re8 9. d3 Bf8 10. Rd1 g6 11. c4 Bg7 12. Nc3 Bd7 13. Be3 Nb8 14. Bxd7 Nbxd7 15. b4 Nf8 16. Qc2 Ne6 17. d4 Qe7 18. d5 Nf4 19. Rac1 b6 20. c5 bxc5 21. bxc5 Nd7 22. c6 Nf8 23. Kh2 h6 24. g3 Nh5 25. Rb1 Reb8 26. Rxb8 Rxb8 27. Rb1 Qd8 28. Ba7 Ra8 29. Rb7 Nf6 30. Qa4 Ne8 31. Qxa6 f5 32. Qd3 fxe4 33. Nxe4 Nh7 34. Nfd2 g5 35. Kg2 Nhf6 36. a4 Nxe4 37. Nxe4 Nf6 38. a5 Nxe4 39. Qxe4 Bf8 40. Qg6+ Bg7 41. Qe6+ Kf8 42. Bb6 Rc8 43. a6 1-0

[Event "White Nights op"]
[Site "?"]
[Date "1997.??.??"]
[Round "?"]
[White "Soldatenkov Kusma"]
[Black "Andreev Konstantin"]
[Result "0-1"]
[WhiteElo "2365"]
[BlackElo "2290"]
[PlyCount "70"]
[EventDate "1997.??.??"]
[Source "www.chesslib.no"]
[SourceDate "2004.05.04"]

1. e4 e5 2. Nf3 Nc6 3. Bb5 a6 4. Ba4 Nf6 5. Qe2 Be7 6. O-O O-O 7. c3 b5 8. Bb3 d6 9. d3 Na5 10. Bc2 c5 11. Nbd2 Nh5 12. Nb3 Nxb3 13. Bxb3 Bb7 14. Re1 a5 15. Nxe5 dxe5 16. Qxh5 Qxd3 17. Bf4 b4 18. Re3 Qb5 19. Rh3 Bxe4 20. Qxe5 Bg6 21. Qxe7 c4 22. cxb4 axb4 23. Bd2 cxb3 24. Rxb3 Qd5 25. Qxb4 Bc2 26. Rg3 Rfb8 27. Qc3 Bg6 28. a3 Rc8 29. Qe3 Re8 30. Rg5 f5 31. Qc3 Rac8 32. Qb4 Re4 33. Qa5 Rc5 34. Qa7 Qxd2 35. h4 Rc1+ 0-1

[Event "15th Belisce Metalis Open"]
[Site "Bizovac CRO"]
[Date "2008.03.24"]
[Round "7"]
[White "Jurkovic, A."]
[Black "Doric, N."]
[Result "1/2-1/2"]
[WhiteElo "2318"]
[BlackElo "2336"]
[PlyCount "45"]
[EventDate "2008.03.21"]
[Source "www.chesslib.no"]
[SourceDate "2004.05.04"]

1. e4 e5 2. Nf3 Nc6 3. Bb5 a6 4. Ba4 Nf6 5. Qe2 d6 6. c3 Bd7 7. O-O Be7 8. d4 O-O 9. d5 Nb8 10. Bc2 c6 11. c4 b5 12. Nc3 bxc4 13. Nd2 cxd5 14. exd5 Bg4 15. Qxc4 Nbd7 16. Qd3 Bh5 17. Qh3 Bg6 18. Bxg6 hxg6 19. Nc4 Nb6 20. Ne3 Qc8 21. Qxc8 Rfxc8 22. Rd1 Rab8 23. Kf1 1/2-1/2

[Event "Malaga op"]
[Site "Malaga"]
[Date "2002.02.27"]
[Round "6"]
[White "Lorenzini, Martin"]
[Black "Munoz Moreno, Francisco Javier"]
[Result "1-0"]
[WhiteElo "2363"]
[BlackElo "2283"]
[PlyCount "87"]
[EventDate "2002.02.22"]
[Source "ChessBase"]
[SourceDate "2002.03.14"]

1. e4 e5 2. Nf3 Nc6 3. Bb5 a6 4. Ba4 Nf6 5. Qe2 b5 6. Bb3 Be7 7. c3 d6 8. O-O O-O 9. Rd1 Bg4 10. h3 Bxf3 11. Qxf3 Na5 12. Bc2 c5 13. d3 Re8 14. Nd2 Bf8 15. Nf1 h6 16. Ne3 g6 17. Ng4 Nxg4 18. hxg4 Bg7 19. g3 Re6 20. Kg2 g5 21. Be3 Rc8 22. a3 Rf6 23. Qe2 d5 24. d4 cxd4 25. cxd4 Rfc6 26. Bb1 exd4 27. Bxd4 Bxd4 28. Rxd4 Nb3 29. Rxd5 Qe7 30. Ra2 Nc1 31. Qe3 Nxa2 32. Bxa2 Rd6 33. Rf5 Rf6 34. Qd4 Rxf5 35. gxf5 Rc2 36. Bb3 Rc7 37. Bd5 Rc2 38. b4 Qc7 39. Qf6 Qa7 40. Kh3 Rxf2 41. Qg6+ Kf8 42. Qxh6+ Ke8 43. Bc6+ Kd8 44. Qf8+ 1-0

[Event "ISL-chT 9900"]
[Site "Iceland"]
[Date "1999.??.??"]
[Round "?"]
[White "Vidarsson, Jon G"]
[Black "Arnason, Asgeir Thor"]
[Result "1/2-1/2"]
[WhiteElo "2367"]
[BlackElo "2270"]
[PlyCount "115"]
[EventDate "1999.??.??"]
[Source "www.chesslib.no"]
[SourceDate "2004.05.04"]

1. e4 e5 2. Nf3 Nc6 3. Bb5 a6 4. Ba4 Nf6 5. Qe2 Be7 6. O-O d6 7. c3 O-O 8. d4 Bg4 9. Rd1 Qc8 10. h3 Bh5 11. d5 Nb8 12. c4 h6 13. Nbd2 Nh7 14. g4 Bg6 15. Kg2 Nd7 16. Nf1 Ng5 17. Ng3 Nxf3 18. Qxf3 Bg5 19. Bxg5 hxg5 20. b4 Nb6 21. Bb3 a5 22. a3 axb4 23. axb4 Rxa1 24. Rxa1 c5 25. Qe3 Nd7 26. Ba4 cxb4 27. Bxd7 Qxd7 28. Qb6 Rc8 29. Ra7 Qc7 30. Rxb7 Qxb6 31. Rxb6 Rxc4 32. f3 Kf8 33. Kf2 Ke7 34. Ne2 Kd7 35. Ke3 Kc7 36. Rb5 f6 37. Kd3 Rc5 38. Rxb4 Rxd5+ 39. Ke3 Ra5 40. Rc4+ Kd7 41. Rb4 Ra7 42. Rb8 Bf7 43. Nc3 Kc6 44. Rd8 Be6 45. Re8 Bc4 46. Rc8+ Rc7 47. Rd8 Be6 48. Kd3 Rc8 49. Rxc8+ Bxc8 50. Nd5 Be6 51. Nc3 Kc5 52. Kd2 Kc4 53. Ne2 Kc5 54. Nc3 Bc4 55. Ke3 g6 56. Na4+ Kb5 57. Nc3+ Kb4 58. Kd2 1/2-1/2

[Event "Ch team"]
[Site "Ch Hungary team"]
[Date "1995.??.??"]
[Round "7"]
[White "Topalovic, Zlatko"]
[Black "Besztercsenyi, Tibor"]
[Result "1/2-1/2"]
[WhiteElo "2355"]
[BlackElo "2275"]
[PlyCount "35"]
[EventDate "1995.??.??"]
[Source "www.chesslib.no"]
[SourceDate "2004.05.04"]

1. e4 e5 2. Nf3 Nc6 3. Bb5 a6 4. Ba4 Nf6 5. Qe2 b5 6. Bb3 Be7 7. c3 d6 8. O-O O-O 9. a4 b4 10. a5 bxc3 11. dxc3 Nb8 12. Nbd2 Nbd7 13. Bc4 Nc5 14. b4 Ne6 15. Nb3 Bb7 16. Bd3 Re8 17. c4 Bf8 18. Qc2 1/2-1/2

[Event "Pablo Gorbea mem 6th"]
[Site "Madrid"]
[Date "2002.09.23"]
[Round "8"]
[White "Vazquez, Renier"]
[Black "De la Fuente Gonzalez, Francisco"]
[Result "1-0"]
[WhiteElo "2406"]
[BlackElo "2212"]
[PlyCount "51"]
[EventDate "2002.09.16"]
[Source "ChessBase"]
[SourceDate "2002.11.06"]

1. e4 e5 2. Nf3 Nc6 3. Bb5 a6 4. Ba4 Nf6 5. Qe2 b5 6. Bb3 Be7 7. c3 d6 8. O-O O-O 9. d4 Bg4 10. Rd1 exd4 11. cxd4 d5 12. e5 Ne4 13. Nc3 Nxc3 14. bxc3 Qd7 15. h3 Bf5 16. g4 Bg6 17. Nh2 Nd8 18. f4 f5 19. exf6 Bxf6 20. f5 Bf7 21. Nf3 g6 22. Ne5 Qe7 23. Rf1 c6 24. Bh6 Re8 25. Rae1 g5 26. Qd2 1-0